000 01848cam a22004094a 4500
999 _c57603
_d57603
001 17115109
005 20200813115508.0
008 120110s2012 nyu b 000 0 eng c
010 _a 2012930723
020 _a9780307961310
035 _a(OCoLC)ocn768799273
040 _aBTCTA
_beng
_cBTCTA
_dYDXCP
_dJBL
_dABG
_dMTG
_dBDX
_dAFQ
_dY#4
_dBWX
_dDLC
041 _aeng
042 _apcc
043 _an-us---
050 0 0 _aJZ1313
_b.K24 2012
080 _a327.1 K-11
082 0 0 _223
100 1 _aKagan, Robert.
_99189
245 1 4 _aThe world America made /
_cRobert Kagan.
250 _a1st ed.
264 _aNew York :
_bAlfred A. Knopf,
_c2012.
300 _a149 p. ;
_c20 cm.
504 _aIncludes bibliographical references (p. [141]-149).
520 _a"What would the world look like if America were to reduce its role as a global leader in order to focus all its energies on solving its problems at home? And is America really in decline? Robert Kagan ... paints a vivid, alarming picture of what the world might look like if the United States were truly to let its influence wane"--Flap p. 1 of dust jacket.
650 0 _aWorld politics
_y21st century
_xForecasting.
_99190
650 0 _aInternational relations
_xForecasting.
_99191
650 0 _aInternational economic relations
_xForecasting.
_99192
650 0 _aGlobalization
_xForecasting.
_99193
650 0 _aTwenty-first century
_vForecasts.
_99194
651 0 _aUnited States
_xForeign relations
_y21st century
_xForecasting.
_99195
653 _aმსოფლიო პოლიტიკა
653 _aგლობალიზაცია
906 _a0
_bvip
_cpccadap
_d1
_eepcn
_f20
_gy-gencatlg
942 _2udc
_cBK
955 _bpc27 2012-01-10;
_arg15 2012-04-05 (Hand Carry) (2 copies) to USGEN/HMS for full cat.
_ire09 2012-04-12
_axn08 2013-02-06 to CIP ver.